Online
Catalog

Los almohades: problemas y perspectivas / (Record no. 40599)

MARC details
000 -CABECERA
campo de control de longitud fija 01011nam a2200241 a 4500
001 - NÚMERO DE CONTROL
campo de control 000041109
005 - FECHA Y HORA DE LA ÚLTIMA TRANSACCIÓN
campo de control 20201002034627.0
008 - DATOS DE LONGITUD FIJA--INFORMACIÓN GENERAL
campo de control de longitud fija 130918s2005 sp a 000 0 spa d
040 ## - FUENTE DE LA CATALOGACIÓN
Centro catalogador/agencia de origen DO-SdBNP
Lengua de catalogación spa
Centro/agencia transcriptor BNPHU
245 04 - MENCIÓN DE TÍTULO
Título Los almohades: problemas y perspectivas /
Mención de responsabilidad, etc. editores Patrice Cressier, Maribel Fierro, Luis Molina.
260 ## - PUBLICACIÓN, DISTRIBUCIÓN, ETC.
Lugar de publicación, distribución, etc. Madrid :
Nombre del editor, distribuidor, etc. Consejo Superior de Investigaciones Científicas,
Fecha de publicación, distribución, etc. 2005.
300 ## - DESCRIPCIÓN FÍSICA
Extensión V.: p. 410-1230. :
Otras características físicas il. ;
Dimensiones 24 cm.
490 1# - MENCIÓN DE SERIE
Mención de serie Estudios Árabes e Islámicos. Monografías
Designación de volumen o secuencia 11
500 ## - NOTA GENERAL
Nota general La biblioteca posee el v. 1
500 ## - NOTA GENERAL
Nota general Incluye referencias bibliográficas y notas al pie de las páginas
504 ## - NOTA DE BIBLIOGRAFÍA, ETC.
Nota de bibliografía, etc. Bibliografía 402-406 :
590 ## - NOTA LOCAL (RLIN)
Nota local Inventariado, 2019/VM
700 1# - PUNTO DE ACCESO ADICIONAL--NOMBRE DE PERSONA
Nombre de persona Cressier, Patrice,
Término indicativo de función/relación ed.
9 (RLIN) 67652
700 1# - PUNTO DE ACCESO ADICIONAL--NOMBRE DE PERSONA
Nombre de persona Fierro Bello, María Isabel,
Término indicativo de función/relación ed.
9 (RLIN) 1593
700 1# - PUNTO DE ACCESO ADICIONAL--NOMBRE DE PERSONA
Nombre de persona Molina, Luis,
Término indicativo de función/relación ed.
9 (RLIN) 62117
710 2# - PUNTO DE ACCESO ADICIONAL--NOMBRE DE ENTIDAD CORPORATIVA
Nombre de entidad corporativa o nombre de jurisdicción como elemento de entrada Consejo Superior de Investigaciones Científicas (España)
9 (RLIN) 15178
830 #0 - PUNTO DE ACCESO ADICIONAL DE SERIE-TÍTULO UNIFORME
Título uniforme Estudios Árabes e Islámicos. Monografías
Designación de volumen o secuencia 11
9 (RLIN) 67653
Holdings
Estado de retiro Estado de pérdida Restricciones de uso No para préstamo Código de colección Localización permanente Ubicación/localización actual Ubicación en estantería Fecha de adquisición Número de inventario Total de préstamos Signatura topográfica completa Código de barras Fecha visto por última vez Precio válido a partir de Tipo de ítem Koha
      Excluido de préstamo Monografías: Libros y Folletos General General Depósito 18.09.2013 LF1   41109-10 25.06.2020 25.06.2020 No se presta

Powered by Koha